00302nam a22000977a 4500082001200000100004700012245005100059260004100110650001600151700003700167 a220 PRO aPC MEHWISH SIDDIQUE PC HIRA KHALID PROJECT aPR-SOF-1888-Hear Smart- Your Hearing Assistant aISLAMABADbNUST COLLEGE OF EMEc2020 a DE-COMP-38 aSUPERVISOR DR. SAJID GUL KHAWAJA